Aumento de la productividad. (Record no. 4983)
[ view plain ]
| 000 -CABECERA | |
|---|---|
| campo de control de longitud fija | 00708ngm a2200181 a 4500 |
| 005 - FECHA Y HORA DE LA ÚLTIMA TRANSACCIÓN | |
| campo de control | 20210219145959.0 |
| 008 - ELEMENTOS DE LONGITUD FIJA--INFORMACIÓN GENERAL | |
| campo de control de longitud fija | 991125s1970 mx 014 aaspa u |
| 035 ## - NÚMERO DE CONTROL DEL SISTEMA | |
| Número de control de sistema | UPN01000004983 |
| 049 ## - COLECCIÓN | |
| Colección | AV |
| 099 ## - CLASIFICACIÓN LOCAL | |
| Clasificación local | PVI H 0136 |
| 245 00 - MENCIÓN DE TÍTULO | |
| Título | Aumento de la productividad. |
| 260 ## - PUBLICACIÓN, DISTRIBUCIÓN, ETC. | |
| Lugar de publicación, distribución, etc. | México : |
| Nombre del editor, distribuidor, etc. | Películas Ebesa, |
| Fecha de publicación, distribución, etc. | [197-?] |
| 300 ## - DESCRIPCIÓN FÍSICA | |
| Extensión | 1 videocasete (VHS) (14 min.) : |
| Otras características físicas | son., col. |
| 520 ## - NOTA DE RESUMEN, ETC. | |
| Sumario, etc. | Un buen administrador debe emplear la energía con inteligencia. Cuando se originan cambios generalmente causan problemas, ese es el momento de buscar soluciones. Se aconseja algunas recomendaciones |
| 650 #4 - ASIENTO SECUNDARIO DE MATERIA - TERMINO TEMATICO | |
| Término de materia o nombre geográfico como elemento de entrada | PRODUCTIVIDAD - |
| Subdivisión general | ADMINISTRACION |
| 650 #4 - ASIENTO SECUNDARIO DE MATERIA - TERMINO TEMATICO | |
| Término de materia o nombre geográfico como elemento de entrada | PRODUCTIVIDAD - |
| Subdivisión general | EFICIENCIA |
| 905 ## - TIPO DE MATERIAL | |
| Tipo de material | Audiovisuales |
| Estado de retiro | Estado de pérdida | Fuente del sistema de clasificación o colocación | Estado dañado | No para préstamo | Código de colección | Localización permanente | Ubicación/localización actual | Ubicación en estantería | Total de préstamos | Clasificación | Código de barras | Fecha visto por última vez | Número de copia | Tipo de ítem Koha |
|---|---|---|---|---|---|---|---|---|---|---|---|---|---|---|
| Library of Congress Classification | Audiovisuales | Bib. Gregorio Torres Quintero | Bib. Gregorio Torres Quintero | Audiovisual | PVI H 0136 | 0136PVI | 31/12/2020 | 1 | Videocasete |
